Statistics for Algeria National Football Team

Click here to take the quiz!

General Stats

  • This quiz has been taken 420 times
    (161 since last reset)
  • The average score is 6 of 13

Answer Stats

GoalsCapsPlayer% Correct
3193Riyad Mahrez
98%
45101Islam Slimani
88%
1981Sofiane Feghouli
60%
2886Rabah Madjer
57%
3069Baghdad Bounedjah
50%
096Raïs M'Bolhi
50%
28100Lakhdar Belloumi
48%
594Aïssa Mandi
38%
2456Hillal Soudani
36%
3680Abdelhafid Tasfaout
24%
2579Djamel Menad
13%
2052Tedj Bensaoula
11%
981Billel Dziri
7%

Score Distribution

Percentile by Number Answered

Percent of People with Each Score

Your Score History

You have not taken this quiz since the last reset